Changing women in a changing society. (Record no. 343)

MARC details
000 -LEADER
fixed length control field 00828nam a2200265 4500
005 - DATE AND TIME OF LATEST TRANSACTION
control field 20260322212016.0
008 - FIXED-LENGTH DATA ELEMENTS--GENERAL INFORMATION
fixed length control field data
010 ## - LIBRARY OF CONGRESS CONTROL NUMBER
LC control number 72096342
020 ## - INTERNATIONAL STANDARD BOOK NUMBER
International Standard Book Number 0226356442
020 ## - INTERNATIONAL STANDARD BOOK NUMBER
International Standard Book Number 9780226356440
043 ## - GEOGRAPHIC AREA CODE
Geographic area code n-us---
050 0# - LIBRARY OF CONGRESS CALL NUMBER
Classification number HQ1154
Item number .H86
090 ## - LOCALLY ASSIGNED LC-TYPE CALL NUMBER (OCLC); LOCAL CALL NUMBER (RLIN)
Classification number (OCLC) (R) ; Classification number, CALL (RLIN) (NR) HQ 1236 H863 1973
001 - CONTROL NUMBER
control field data
245 00 - TITLE STATEMENT
Title Changing women in a changing society.
Statement of responsibility, etc. edited by Joan Huber.
260 0# - PUBLICATION, DISTRIBUTION, ETC.
Place of publication, distribution, etc. Chicago,
Name of publisher, distributor, etc. University of Chicago Press
Date of publication, distribution, etc. [1975, c1973]
300 ## - PHYSICAL DESCRIPTION
Extent 295 p.
Dimensions 24 cm.
500 ## - GENERAL NOTE
General note "Also appeared as volume 78, number 4 (January 1973) of American journal of sociology."
504 ## - BIBLIOGRAPHY, ETC. NOTE
Bibliography, etc. note Includes bibliographical references.
650 #0 - SUBJECT ADDED ENTRY--TOPICAL TERM
Topical term or geographic name entry element Women
General subdivision Social conditions.
650 #0 - SUBJECT ADDED ENTRY--TOPICAL TERM
Topical term or geographic name entry element Feminism
Geographic subdivision United States.
650 #0 - SUBJECT ADDED ENTRY--TOPICAL TERM
Topical term or geographic name entry element Women
Geographic subdivision United States.
700 1# - ADDED ENTRY--PERSONAL NAME
Personal name Huber, Joan,
Dates associated with a name 1925-
730 4# - ADDED ENTRY--UNIFORM TITLE
Uniform title The American journal of sociology.
Holdings
Withdrawn status Lost status Damaged status Not for loan Home library Current library Shelving location Date acquired Total checkouts Full call number Barcode Date last seen Price effective from Koha item type
        Springfield Springfield General stacks 22/03/2026   HQ1154 .H86 BC0010353 22/03/2026 22/03/2026 Books